00350nam a2200145Ia 4500008004000000041000800040082001200048100002000060245003500080260004200115650000700157650001600164650001200180650001200192210210b1954 xxu||||| |||| 00| 0 eng d aeng a519/101 aSTRUIK (Dirk J) aConcise history of mathematics aLondonbG Bell and Sons Limitedc1954 aof amathematics ahistory aConcise